CSGO weapons - Statistics

General Stats
  • This quiz has been taken 1,970 times
    1,969 since last reset
  • The average score is 27 of 41
Answer Stats
Weapon % Correct
Pistol USP
94%
Pistol Desert Eagle
93%
Rifle AK-47
92%
Rifle AWP
88%
Rifle M4A4
86%
Pistol P250
85%
Rifle M4A1-S
82%
Pistol P2000
82%
Pistol Glock 18
81%
Heavy Negev
80%
Pistol Five-Seven
79%
Pistol Tec 9
79%
Throwables Molotov
75%
Throwables Smoke grenade
75%
Rifle Galil
74%
Rifle FAMAS
73%
SMG MP7
73%
SMG MP9
72%
Heavy Nova
72%
Throwables Flash bang
71%
SMG P90
69%
SMG Mac-10
67%
Rifle AUG
65%
Heavy Mag-7
63%
Pistol CZ75
62%
Throwables Decoy
62%
Heavy M249
61%
Heavy Sawed-off
56%
Pistol Dual Berettas
55%
SMG PP-Bizon
54%
Pistol R8 revolver
54%
Rifle SCAR 20
53%
Rifle SSG 08
53%
SMG UMP45
53%
Rifle SG553
46%
Heavy XM1014
45%
Special Knife
43%
Throwables Incendiary grenade
38%
Throwables HE grenade
37%
Rifle G3SG1
32%
Special Zeus x27
21%
No matching quizzes found
Score Distribution
Percent of People with Each Score
Percentile by Number Answered
Your Score History
You have not taken this quiz since the last reset